000 01094nam a2200301 i 4500
003 DO-SdBNP
005 20250602122859.0
008 250602b2024 dr ||||| |||| 00| 0 spa d
020 _a9789945290725
040 _aDO-SdBNP
_bspa
_cBNPHU
_erda
041 _aspa
082 4 _axxx
_bM917s
_222
100 1 _aMota, Erick J.,
_d1975-
_eautor
_4aut.
_987948
245 1 3 _aEl signo de la serpiente. (Parte II - Santo Domingo - shi) /
_cErick J. Mota ; dirección editorial, Luis Reynaldo Pérez.
246 _aEl signo de la Serpiente (parte II - Santo Domingo - shi) :
_bnovela.
264 4 _aSanto Domingo :
_bEditora Búho,
_c©2024.
300 _a87 páginas ;
_c21 cm.
336 _atexto
_btxt
_2rdacontent
337 _asin mediación
_bn
_2rdacontent
338 _avolumen
_bnc
_2rdacarrier
490 0 _aColección carta de ruta :
_v34
490 0 _aNarrativa contemporánea
500 _aIncluye datos biográficos del autor en la página 87
590 _aInventariado, 2025 /LP
700 1 _aPérez, Luis Reynaldo,
_eeditorial
_4ed.
_972897
910 _aLP
942 _2ddc
_cLBS1
999 _c58667
_d58667